Atlantic vs Pacific Quiz Stats

 Plays Quiz Updated Aug 26, 2019

Score 0/25 Timer 03:00
10 Plays Today
% Correct
Pacific Ocean
89.3%
Pacific Ocean
89%
Atlantic Ocean
87.5%
Pacific Ocean
86.7%
Atlantic Ocean
86.5%
Atlantic Ocean
86.2%
Atlantic Ocean
85.6%
Atlantic Ocean
85.4%
Atlantic Ocean
83.5%
Atlantic Ocean
82.8%
Pacific Ocean
82.4%
Atlantic Ocean
82.1%
Pacific Ocean
81%
% Correct
Atlantic Ocean
79.3%
Pacific Ocean
73.4%
Pacific Ocean
68.2%
Atlantic Ocean
65.5%
Pacific Ocean
60.2%
Atlantic Ocean
54%
Pacific Ocean
53.5%
Pacific Ocean
53%
Pacific Ocean
48.6%
Pacific Ocean
47%
Pacific Ocean
35.1%
Atlantic Ocean
25.3%

You're not logged in!

Compare scores with friends on all Sporcle quizzes.
OR
Log In

Sporcle TV

Today on Sporcle TV


Watch our educational content, quiz creation guides, and fun videos on Sporcle TV.

Show Comments

Extras

Top Quizzes Today


Score Distribution

Your Account Isn't Verified!

In order to create a playlist on Sporcle, you need to verify the email address you used during registration. Go to your Sporcle Settings to finish the process.

Report this User

Report this user for behavior that violates our Community Guidelines.

Details: